Las Américas negras (notice nᵒ 6156)
[ vue normale ]
| 000 -Sello discográfico | |
|---|---|
| campo de control de longitud fija | 01026nam a2200301 4500 |
| 005 - Identificación de versión | |
| campo de control | 20251016084608.0 |
| 099 ## - fechas locales | |
| Tipo de ítem Koha | LIBRO |
| 100 ## - Datos de procesamiento general | |
| Datos de procesamiento general | 20220629d1969 m y1spay5003 ba |
| 101 ## - Idioma del recurso | |
| Idioma del texto, banda sonora, etc. | Español; Castellano |
| Idioma de la obra original | Francés |
| 105 ## - Campo de datos codificados: Material textual, monográfico | |
| Datos codificados de monografía | y 001zy |
| 200 1# - Título y mención de responsabilidad | |
| Título propio | Las Américas negras |
| Designación general del material | texto impreso |
| Otra información del título | las civlizaciones africanas en el Nuevo Mundo |
| Primer mención de responsabilidad | Roger Bastide |
| Declaración de responsabilidad subsiguiente | traducción Patricio Azcárate |
| 210 ## - Publicación, distribución, etc. | |
| Lugar de publicación, distribución, etc. | Madrid |
| Nombre del editor, distribuidor, etc. | Alianza Editorial |
| Fecha de publicación, distribución, etc. | 1969 |
| 215 ## - Descripción física | |
| Designación de material específico y extensión del ítem | 226 p |
| Dimensiones | 18 cm |
| 300 ## - Notas generales | |
| Texto de la nota | Traducción de: Les Amériques Noires. Les civilisations Africaines dans le Nouveau Monde |
| 345 ## - Nota de información de adquisición | |
| Fuente de adquisición/dirección de la suscripción [OBSOLETO] | Donación Flora Sallembien |
| 410 #1 - Series | |
| Título | El Libro de Bolsillo |
| Nombre de parte o sección | Sección Humanidades |
| Número de volumen | 207 |
| 606 ## - Término temático usado como materia | |
| Elemento de entrada | Negros en América |
| Número Koha | 11721 |
| 660 ## - Código de área geográfica | |
| Código | MX |
| 700 ## - Nombre personal - Responsabilidad primaria | |
| Elemento de entrada | Bastide |
| Parte del nombre distinta del elemento de entrada | Roger |
| Fechas | 1898-1974 |
| Número Koha | 11722 |
| 702 ## - Nombre personal - Responsabilidad secundaria | |
| Elemento de entrada | Azcárate |
| Parte del nombre distinta del elemento de entrada | Patricio |
| Número Koha | 11723 |
| 801 #0 - Fuente de origen | |
| País | FR |
| Agencia | cm |
| Reglas de catalogación (convenciones descriptivas) | AFNOR |
| 900 ## - | |
| -- | 1/21730 |
| 900 ## - | |
| -- | 7100417642\080104 |
| 942 ## - ELEMENTOS DE ENTRADA SECUNDARIOS (KOHA) | |
| Tipo de ítem Koha | Livre |
| 996 ## - | |
| -- | MEX |
| -- | 751145101 |
| -- | MMAG |
| -- | 006681 |
| -- | 325.26 B326A |
| -- | 20220629LIV |
| Estatus retirado | Estado de daño | Estado de pérdida | Fecha de adquisición | Biblioteca de origen | Biblioteca actual | Ubicación en estantería | Código de barras | Precio de reemplazo | Signatura topográfica completa | No para préstamo | Tipo de ítem Koha | Nota pública | Nota no pública |
|---|---|---|---|---|---|---|---|---|---|---|---|---|---|
| 05/08/2025 | Casa México Paris | Casa México Paris | 006681 | 05/08/2025 | 325.26 B326A | Livre | 20220629LIV | 751145101 |